| 000 | 00363nam a2200145 4500 | ||
|---|---|---|---|
| 999 |
_c9518 _d9518 |
||
| 003 | OSt | ||
| 005 | 20210630133312.0 | ||
| 008 | 210630b ||||| |||| 00| 0 eng d | ||
| 020 | _a9780500285381 | ||
| 082 |
_a720.47 _bBET |
||
| 100 | _dBetsky, Aaron | ||
| 245 | _aLandscrapers : building with the land | ||
| 260 |
_aNew York _bThames and Hudson _c2002 |
||
| 942 | _2ddc | ||